Mr. Olympia Winners by Year - Statistics

General Stats
  • This quiz has been taken 60 times
    50 since last reset
  • The average score is 37 of 56
Answer Stats
Year Country Winner % Correct
2005 Ronnie Coleman
95%
2004 Ronnie Coleman
95%
2003 Ronnie Coleman
95%
2002 Ronnie Coleman
95%
2001 Ronnie Coleman
95%
2000 Ronnie Coleman
95%
1999 Ronnie Coleman
95%
1998 Ronnie Coleman
95%
1980 Arnold Schwarzenegger
92%
1975 Arnold Schwarzenegger
92%
1974 Arnold Schwarzenegger
92%
1973 Arnold Schwarzenegger
92%
1972 Arnold Schwarzenegger
92%
1971 Arnold Schwarzenegger
92%
1970 Arnold Schwarzenegger
92%
2010 Jay Cutler
86%
2009 Jay Cutler
86%
2007 Jay Cutler
86%
2006 Jay Cutler
86%
1997 Dorian Yates
81%
1996 Dorian Yates
81%
1995 Dorian Yates
81%
1994 Dorian Yates
81%
1993 Dorian Yates
81%
1992 Dorian Yates
81%
2017 Jamaica Phil Heath
81%
2016 Lebanon Phil Heath
81%
2015 Italy Phil Heath
81%
2014 Cuba Phil Heath
81%
2013 Austria Phil Heath
81%
2012 Phil Heath
81%
2011 Phil Heath
81%
1969 Sergio Oliva
70%
1968 Sergio Oliva
70%
1967 Sergio Oliva
70%
1981 Franco Columbu
65%
1976 Franco Columbu
65%
2008 Dexter Jackson
62%
1966 Larry Scott
59%
1965 Larry Scott
59%
1979 Frank Zane
57%
1978 Frank Zane
57%
1977 Frank Zane
57%
2018 UK Shawn Rhoden
49%
2019 USA Brandon Curry
46%
1983 Samir Bannout
38%
1982 Chris Dickerson
35%
2020 Egypt Mamdouh Elssbiay
19%
1991 Lee Harvey
5%
1990 Lee Harvey
5%
1989 Lee Harvey
5%
1988 Lee Harvey
5%
1987 Lee Harvey
5%
1986 Lee Harvey
5%
1985 Lee Harvey
5%
1984 Lee Harvey
5%
No matching quizzes found
Score Distribution
Percent of People with Each Score
Percentile by Number Answered
Your Score History
You have not taken this quiz since the last reset